000 00609nam a2200205 4500
001 120545
003 ES-MaACL
005 20230906191556.0
007 t|
008 070214s1962 sp r ||||1| spa d
100 1 _aPitzer, Robert C.
_992435
245 1 3 _aLa hija de Jerusalen
_b: novela /
_cRobert C. Pitzer ; traducción de Jorge Jenkins.
260 _aBarcelona :
_bMateu,
_c1962.
300 _a415 p. ;
_c18 cm.
490 1 _aDe todo para muchos
700 1 _aJenkins, Jorge.
_966299
830 0 _aDe todo para muchos
_9186486
852 _aES-MaACL
_jC-23539
_bR.52468
999 _c120545
_d120545